| 000 | 00874nas a2200289 4500 | ||
|---|---|---|---|
| 001 | BR0300506 | ||
| 003 | BR-BrBNA | ||
| 005 | 20231205103538.0 | ||
| 007 | ta | ||
| 008 | 230509b bl.|||p| |||| 00| 00por d | ||
| 040 |
_aBR-BrBNA _bpor _cBiblioteca Nacional de Agricultura |
||
| 041 | _a(Pt) | ||
| 072 | _aF01; F50 | ||
| 100 | 1 | _aSilva, E.C. da | |
| 100 | 1 | _aSouza, R.J. de | |
| 100 | 1 | _aSantos, V.S. | |
| 245 | 1 | _aEfeitos do tempo de frigorificação em cultivares de alho (Allium sativum L.)provenientes de cultura de meristemas | |
| 650 | _aALHO | ||
| 650 | _aMERISTEMA | ||
| 650 | _aCULTURA DE TECIDO | ||
| 650 | _aBULBO | ||
| 650 | _aACLIMATAÇÃO | ||
| 650 | _aFRIO | ||
| 773 | 0 |
_tCiência e Agrotecnologia (Brazil) _xISSN 1413-7054 _g(Oct-Dec 2000), v. 24(4) p. 939-946 _wBR0300506 |
|
| 909 |
_a202311 _bLúcia _c55 _dLúcia Elande |
||
| 942 |
_2AGRIS _n0 _cANA |
||
| 999 |
_c173440 _d173440 |
||